Top 10 des athlètes les plus recherchés sur Google en 2023 - Statistiques

Statistiques générales
  • Ce quiz a été pris 330 fois
  • Le résultat moyen est 2 sur 10
Statistiques - réponses
Rang Réponse % Correct
1er Kylian Mbappé
96%
8e Teddy Riner
30%
2e Antoine Dupont
26%
6e Léon Marchand
21%
3e Carlos Alcaraz
10%
5e Cyril Gane
7%
7e Tyson Fury
4%
9e Kolo Muani
1%
10e Karolina Muchová
0%
4e Sergio Rico
0%
Aucun quiz correspondant
Distribution des résultats
% des personnes avec chaque résultat
Percentile par nombre de réponses
Votre historique - résultats
Vous n’avez pas pris ce quiz